Evolučný prístup k modelovaniu zložitých symbolických postupností deterministickými a stochastickými celulárnymi automatmi = Application of evolutionary strategies to modeling of complex symbolic sequences by deterministic and stochastic ce : Diplomová práca /
Salvato in:
| Autore principale: | |
|---|---|
| Altri autori: | |
| Natura: | Manoscritto Libro |
| Pubblicazione: |
Bratislava :
STU v Bratislave FEI,
1997
|
| Soggetti: | |
| Tags: |
Nessun Tag, puoi essere il primo ad aggiungerne!!
|
MARC
| LEADER | 00000ntm a22000003a 4500 | ||
|---|---|---|---|
| 001 | stu9968 | ||
| 005 | 20160719164943.2 | ||
| 008 | 970704s1997----------------------------d | ||
| 040 | |a STU |b slo | ||
| 041 | 0 | ||
| 100 | 1 | |a Hagara, Marián |4 aut | |
| 245 | 1 | |a Evolučný prístup k modelovaniu zložitých symbolických postupností deterministickými a stochastickými celulárnymi automatmi = Application of evolutionary strategies to modeling of complex symbolic sequences by deterministic and stochastic ce : |b Diplomová práca / |c [aut.] Hagara,Marián; Škol. Tiňo,Peter | |
| 260 | |a Bratislava : |b STU v Bratislave FEI, |c 1997 | ||
| 300 | |a 56 s |c disketa | ||
| 650 | 7 | |a informatika |2 stusub | |
| 700 | 1 | |a Tiňo, Peter, |d 1964- |4 ths |u E220 |U FEI Fakulta elektrotechniky a informatiky |T FEI Katedra informatiky a výpočtovej techniky |X 2058 |U E220 |Y 69 |7 2058 | |
| 996 | |b EDIPL-5316 |c I*DIPL-5316 |l II680 |s A |a 24 |w stu9968_0001 | ||